00975 a2200241 4500003000500000005001700005010001600022020001700038040000900055082001700064100002900081245013100110250001200241260006100253300003900314505019000353650003500543650004900578650002600627650002800653700002500681740002700706NUST20230120181133.0 a 84026451 a0517552779 : cNust00a745.0978,EMM1 aEmmerling, Mary Ellisor.10aMary Emmerling's American country West /cPhotographs by Michael Skott ; design by Richard Trask ; text by Carol Sama Sheehan. a1st ed. aNew York :bC.N. Potter :bDistributed by Crown,cc1985. a278 p. :bcol. ill. ;c26 x 26 cm. aIntroduction (Page-1), This is American Country West (Page-5), Home of the West (Page-37), West in the East (Page-173), Cowboy and Indian Crafts (Page-197), Western Heritage (Page-233). 0aCountry furniturezWest (U.S.) 0aDecoration and ornament, RusticzWest (U.S.) 0aFolk artzWest (U.S.) 0aIndian artzWest (U.S.)1 aSheehan, Carol Sama.0 aAmerican country West.